Služky pro všechno /

Polské reportérce Joanně Kuciel-Frydryszak se podařilo ve veřejných i rodinných archivech, dobovém tisku nebo různých publikacích objevit perličky, díky nimž si dokážeme mnohem lépe představit, jak asi skutečně vypadal život služek. Zaznamenala některé z dnešního pohledu až anekdotické rady, jak se...

Celý popis

Uloženo v:
Hlavní autor: Kuciel-Frydryszak, Joanna (Autor)
Další autoři: Alexa, Michael, 1989- (Autor)
Médium: Kniha
Jazyk:Czech
Vydáno: Žilina : Absynt, 2026
Témata:
Celkem bylo vypůjčeno:0x
Tagy:
Žádné tagy
LEADER 02111nam a2200445 i 4500
001 106223
003 CZ PrSKC
005 20260428160805.0
008 260415s2026 xo ||| | cze
020 |a 9788082036582  |q (brožováno) :  |c Kč 490,00 
040 |a JHG001  |b cze  |d UOG001  |e rda 
041 1 |a cze  |h pol 
072 7 |a 394  |x Veřejný a společenský život. Každodenní život  |2 Konspekt  |9 1 
080 1 |a 396 
100 1 |a Kuciel-Frydryszak, Joanna  |7 js20251254033  |4 aut 
240 1 0 |a Służące do wszystkiego.  |l Česky 
245 1 0 |a Služky pro všechno /  |c Joana Kuciel-Frydryszak ; přeložil Michael Alexa 
264 1 |a Žilina :  |b Absynt,  |c 2026 
300 |a 369 stran :  |b ilustrace ;  |c 23 cm 
336 |a text  |b txt  |2 rdacontent 
337 |a bez média  |b n  |2 rdamedia 
338 |a svazek  |b nc  |2 rdacarrier 
500 |a Přeloženo z polštiny 
504 |a Obsahuje bibliografii 
520 2 |a Polské reportérce Joanně Kuciel-Frydryszak se podařilo ve veřejných i rodinných archivech, dobovém tisku nebo různých publikacích objevit perličky, díky nimž si dokážeme mnohem lépe představit, jak asi skutečně vypadal život služek. Zaznamenala některé z dnešního pohledu až anekdotické rady, jak se má služka chovat a oblékat, stížnosti hospodyň, autentické inzeráty nebo články z černé kroniky 
648 7 |a 20. století  |7 ch460558  |2 czenas  |9 52888 
650 0 7 |a domácí služebnictvo  |7 ph119556  |2 czenas 
650 0 7 |a společenské postavení  |7 ph137657  |2 czenas 
650 0 7 |a ženy  |7 ph127967  |2 czenas 
650 0 7 |a domácnosti  |7 ph119552  |2 czenas 
650 0 7 |a každodenní život  |7 ph121555  |2 czenas  |9 998 
650 0 7 |a dějiny  |7 ph114390  |2 czenas 
651 7 |a Polsko  |7 ge130478  |2 czenas  |9 57441 
655 7 |a monografie  |7 fd132842  |2 czenas  |9 53720 
700 1 |a Alexa, Michael,  |d 1989-  |7 pna2011655344  |4 trl  |9 30446 
710 2 |a Absynt  |4 pbl 
910 |a UOG502 
942 |2 ddc  |c KN 
999 |d 106223 
993 |0 0  |1 421180106949  |2 ddc  |4 0  |6 39_000000000000000  |7 0  |9 99566  |b 0  |c 106949  |d 2026-04-28  |e 0  |f DOSP  |g 39  |h 490.00  |i Koupě  |l DOSP  |r 2026-04-28  |t 5  |w 2026-04-28  |y KN  |z NAUCNA  |n